[Event "Copenhagen Whitsun op"]
[Site "Copenhagen"]
[Date "2014.06.07"]
[Round "4"]
[White "Stuhr, Peter Sebastian"]
[Black "Kjaer, Jakob"]
[Result "1-0"]
[WhiteElo "1960"]
[BlackElo "1976"]
[PlyCount "171"]
[EventDate "2014.06.03"]
[EventType "swiss"]
[EventRounds "9"]
[EventCountry "DEN"]
[SourceTitle "EXT 2015"]
[Source "ChessBase"]
[SourceDate "2014.11.20"]
[SourceVersion "1"]
[SourceVersionDate "2014.11.20"]
[SourceQuality "1"]

1. e4 d5 2. Nc3 dxe4 3. Nxe4 Bf5 4. Ng3 Bg6 5. f4 e6 6. Nf3 Bd6 7. d4 Ne7 8. c3 c6 9. Bc4 Nd5 10. Ne5 Nd7 11. 0-0 Bxe5 12. fxe5 Qb6 13. Kh1 0-0-0 14. Bd3 Nxe5 15. Bxg6 Nxg6 16. Rxf7 Rd7 17. Qf3 Qd8 18. Ne4 Rf8 19. Rxf8 Qxf8 20. Qxf8+ Nxf8 21. Bg5 b6 22. Rf1 Ng6 23. h4 h6 24. h5 Nge7 25. Rf8+ Kc7 26. Bh4 Nf5 27. Bf2 Nde3 28. Re8 Nd1 29. g4 Nxf2+ 30. Nxf2 Re7 31. Rxe7+ Nxe7 32. Ne4 Nd5 33. Kg2 Kd7 34. Kf3 Ke7 35. c4 Nf6 36. b4 Ne8 37. Kf4 Nc7 38. Ke5 Na6 39. a3 Nb8 40. b5 Nd7+ 41. Kf4 cxb5 42. cxb5 Nf6 43. a4 Nd5+ 44. Ke5 Nb4 45. Nc3 Nd3+ 46. Ke4 Nb4 47. d5 Kd6 48. dxe6 Kxe6 49. Ne2 Kf6 50. Nd4 Na2 51. Kd3 Nb4+ 52. Kc4 a5 53. bxa6 Nxa6 54. Nf3 Nc7 55. Kd4 Ke6 56. Ne5 b5 57. a5 Na6 58. Nf3 Kd6 59. Ke4 Ke6 60. Nd4+ Kf6 61. Nxb5 Kg5 62. Kf3 g6 63. hxg6 Kxg6 64. Nd4 Kg5 65. Ne6+ Kf6 66. Nf4 Kg5 67. Kg3 Nc5 68. Nh3+ Kf6 69. Kh4 Ke6 70. Kh5 Kd6 71. Nf4 Ne4 72. Kxh6 Kc6 73. Kg6 Kb5 74. Kf5 Nd6+ 75. Ke6 Ne4 76. Nh3 Kxa5 77. Ke5 Nd2 78. Ng1 Nc4+ 79. Ke6 Ne3 80. g5 Ng2 81. Kf5 Nh4+ 82. Kf6 Kb6 83. Nf3 Nxf3 84. g6 Nh2 85. g7 Ng4+ 86. Kg5 1-0